Bourne Again SHell (bash)

Saved in:
Bibliographic Details
Main Author: Ondrášik, Marek (Author)
Other Authors: Fodrek, Peter (Thesis advisor)
Format: Manuscript Book
Language:Slovak
Published: 2017
Subjects:
Online Access:http://is.stuba.sk/zp/portal_zp.pl?podrobnosti=116109
Tags: Add Tag
No Tags, Be the first to tag this record!

MARC

LEADER 00000ntm a22000003a 4500
001 stuzp60543
003 SK-STU
005 20170731113710.6
007 ta
008 150427s2015----xo-----f-mn---000-0-slo-d
040 |a STU  |b slo 
041 0 |a slo 
044 |a xo 
100 1 |a Ondrášik, Marek  |u 035000  |4 aut  |U FEI Fakulta elektrotechniky a informatiky  |T FEI Ústav informatiky a matematiky  |X 74779  |U E050  |Y 816  |7 74779 
242 0 1 |a Bourne Again SHell (bash)  |y eng 
245 1 0 |a Bourne Again SHell (bash) 
260 |c 2017 
300 |a 64 s.,  |b CD-ROM 
650 4 |a Bash Bourne Again SHell  |2 slo 
650 4 |a shell  |2 slo 
650 4 |a Linux  |2 slo 
650 4 |a skript  |2 slo 
650 4 |a terminal  |2 slo 
650 4 |a shell  |2 eng 
650 4 |a Bash Bourne Again SHell  |2 eng 
650 4 |a Linux  |2 eng 
650 4 |a script  |2 eng 
650 4 |a terminal  |2 eng 
700 1 |a Fodrek, Peter  |4 ths  |X 4968  |7 A000004968 
856 4 |u http://is.stuba.sk/zp/portal_zp.pl?podrobnosti=116109 
996 |b 284ER02538  |c E*Bc- 2538  |l EE35  |s P  |a 0  |w stuzp60543_0001